| 000 | 01255cam a2200301 a 4500 | ||
|---|---|---|---|
| 001 | 12309907 | ||
| 005 | 20230307171216.0 | ||
| 008 | 010214s2001 mnu b 001 0 eng | ||
| 906 |
_a7 _bcbc _corignew _d1 _eecip _f20 _gy-gencatlg |
||
| 925 | 0 |
_aacquire _b2 shelf copies _xpolicy default |
|
| 955 |
_fsd06 2002-12-20 to BCCD _esf04 2003-03-17 copy 2 to BCCD |
||
| 010 | _a 2001000492 | ||
| 020 | _a081663615X (HC : alk. paper) | ||
| 020 | _a0816636168 (PB : alk. paper) | ||
| 040 |
_aDLC _cDLC _dDLC |
||
| 043 | _aa-ii--- | ||
| 050 | 0 | 0 |
_aHC440.H53 _bS65 2001 |
| 082 | 0 | 0 |
_a307.76/0954 _221 |
| 100 | 1 | _aSrinivas, Smriti. | |
| 245 | 1 | 0 |
_aLandscapes of urban memory : _bthe sacred and the civic in India's high-tech city / _cSmriti Srinivas. |
| 260 |
_aMinneapolis : _bUniversity of Minnesota Press, _cc2001. |
||
| 300 |
_axxviii, 329 p. : _bill. ; _c24 cm. |
||
| 440 | 0 |
_aGlobalization and community ; _vv. 9 |
|
| 504 | _aIncludes bibliographical references and index. | ||
| 650 | 0 |
_aHigh technology industries _zIndia _zBangalore. |
|
| 650 | 0 |
_aUrban beautification _zIndia _zBangalore. |
|
| 650 | 0 |
_aHinduism _xSocial aspects _zIndia _zBangalore. |
|
| 999 |
_c11355 _d11355 |
||